000
nam a22 7a 4500
999
_c
49293
_d
49293
003
OSt
005
20191118120631.0
008
191118b xxu||||| |||| 00| 0 eng d
040
_c
SERO SOFT
100
_a
MISRA, S.N
245
_a
INDIAN PENAL CODE
260
_a
ALLAHABAD
_b
CLP
300
_a
1052
942
_2
ddc
_c
02